000 00763nas a2200253 4500
001 BR7200906
003 BR-BrBNA
005 20231205082358.0
007 ta
008 230509b bl.|||p| |||| 00| 00por d
040 _aBR-BrBNA
_bpor
_cBiblioteca Nacional de Agricultura
041 _a(Pt)
072 _aL70; L73
100 1 _aBauer, A.G.
245 1 _aAnticorpos humorais em bovinos inoculados com vacina tipo Fuenzalida modificada
650 _aVETERINARIA
650 _aIMUNOLOGIA
650 _aVACINA
650 _aRAIVA
650 _aBOVINO
773 0 _tBoletim do Instituto de Pesquisas Veterinarias Desiderio Finamor (Brazil)
_x
_g(Jan 1972), (Suppl. 1) p. 22-30
_wBR7200906
909 _a202311
_bLúcia
_c55
_dLúcia Elande
942 _2AGRIS
_n0
_cANA
999 _c91321
_d91321